Statistics for Cool For The Summer - Demi Lovato - All Lyrics

Click here to take the quiz!

General Stats

  • This quiz has been taken 30 times
  • The average score is 281 of 333

Answer Stats

Answer% Correct
cool
100%
for
100%
I)
100%
I,
100%
I
100%
Shhh,
100%
summer
100%
the
100%
a
96%
and
96%
And
96%
me
96%
we
96%
we’re
96%
We're
96%
We’re
96%
(You
96%
you,
96%
you?
96%
you
96%
your
96%
do
92%
don't
92%
(Don't
92%
Don't
92%
Don’t
92%
I’m
92%
I'm
92%
take
92%
Take
92%
(Take
92%
body
88%
to
88%
down
85%
down)
85%
each
85%
Just
85%
just
85%
(Just
85%
my
85%
on
85%
other
85%
be
81%
'Cause
81%
‘Cause
81%
'cause
81%
mind
81%
one
81%
scared)
81%
scared,
81%
Tell
81%
tell
81%
type
81%
want,
81%
another
77%
Die
77%
Got
77%
mother
77%
paradise
77%
what
77%
into
73%
it,
73%
Kiss
73%
need
73%
taste
73%
can
69%
cherry
69%
if
69%
keep
69%
secret,
69%
that
69%
wanna
69%
(Wanna
69%
bite
65%
it's
65%
some
65%
have
62%
like,
62%
right,
62%
too
62%
something)
58%
something
58%
try
58%
try)
58%
wrong,
58%
care
54%
fun
54%
okay
54%
with
54%
little
50%
curious,
46%
what's
42%
did,
35%
Even
35%
fuck
35%
play
35%
prize?
35%
time
35%
won,
35%
I'll
27%
judge,
23%
they
23%

Score Distribution

Percentile by Number Answered

Percent of People with Each Score

Your Score History

You have not taken this quiz